LEADER 00817nam a2200229 i 4500 001 000000177313 003 CaOOAMICUS 005 20090129000000.0 008 090129s2003 it u000 u ita u 013 $a154829 040 $aSeMil$bita 245 10$aSeconda parte. 300 $a191 p. :$briccamente ill. 490 0 $aLa grande storia dell'arte ;$v8 500 $aDono di don Romano Martinelli. 700 1 $aLachi, Chiara.$0(OLS)http://semarc/name/9235 773 0 $tSeicento.$d[Firenze] : Scala Group, 2003.$w()20625 830 3$aLa grande storia dell'arte ;$v8.$0(OLS)http://semarc/title/27192 850 $aSeMil 852 $aSeMil$W1$xVenegono$y1$m5V XVI 8$j128124$B128124$CSeMilBibl$Z2$F138981 $81 961 $aOmaggio: Martinelli don Romano 996 $6245$aSeconda parte$9(OLS)http://semarc/title/180995 LEADER 00722nam a2200193 i 4500 001 000000239954 003 CaOOAMICUS 005 20150320000000.0 008 150320s1845 it u000 u ita u 013 $a218859 040 $aSeMil$bita 245 10$aVol. 32. 300 $a328 p. 773 0 $aMoroni Romano, Gaetano$tDizionario di erudizione storico-ecclesiastica da s. Pietro sino ai nostri giorni specialmente intorno ai principali santi ....$dIn Venezia : Tipografia Emiliana, 1840.$g32$w()31604 850 $aSeMil 852 $aSeMil$W1$xVenegono$y1$m3D III 61 FA$j190300$B190300$CSeMilBibl$Z2$F201144 $8I 941 1 $a10 961 $aRecupero: Mantegazza 996 $6245$aVol. 32$9(OLS)http://semarc/title/206131